000
00319nam a22001337a 4500
008
250801b |||||||| |||| 00| 0 eng d
020
_a
9780750684538
050
_a
HE179.5
_b
.B85
100
_a
BULL Richard
245
_a
Financial Ratios
260
_a
Oxford
_b
CIMA Publishing
_c
2008
300
_a
xi, 167p.
942
_c
BK
999
_c
4415
_d
4415